Retallable de la Torre del Baró
Descripción Física:
3 làmines ; 42 x 44 cm., pleg. a 21 x 15 cm
MARC
| LEADER | 00000nam a2200000Ia 4500 | ||
|---|---|---|---|
| 001 | 24500 | ||
| 008 | 160829s9999 xx 000 0 cat d | ||
| 080 | |a NBM-12-1 | ||
| 245 | |a Retallable de la Torre del Baró | ||
| 260 | |a [Barcelona] : |b Diputació de Barcelona : |b Ajuntament de Viladecans, [s.a.] | ||
| 300 | |a 3 làmines ; |c 42 x 44 cm., pleg. a 21 x 15 cm | ||
| 590 | |a Escala [1:150 aprox.], Dim. 18+20+11 cm (23 peces + 3 làm.) | ||
| 710 | 1 | |a Barcelona (Catalunya : Província). |b Diputació |9 52408 | |
| 901 | |a Arxiu | ||
| 942 | |n 1 | ||
| 952 | |0 0 |1 0 |4 0 |6 NBM121 |7 1 |9 55996 |a Arxiu |b Arxiu |d 2016-12-01 |l 0 |o NBM-12-1 |p 24500 |r 2016-12-01 00:00:00 |w 2016-12-01 |y ARXIU | ||
| 999 | |c 59870 |d 59870 | ||